000 01391cam a22003617a 4500
003 CHAP
005 20220817043507.0
008 981106d1998 mx r 00110 spa d
010 _a76639
011 _a77611
035 _a87220
040 _cCHAP
090 _aTesis
100 0 0 _aRamírez González, Eduardo.
_994026
245 1 0 _aSituación de la avicultura productora de carne en México y la liberalización comercial (TLCAN)
_c/por Eduardo Ramírez González
260 _aChapingo, Méx. :
_bEl autor,
_c1998.
300 _a146 h. :
_bgráfs. ; mapa ; cuadros
502 _aTesis (Lic. en Comercio Internacional de Productos Agropecuarios) -- UACH. División de Ciencias Económico-Administrativas
590 _aALEPH
_b10
_c20130110
_lUCH01
_h1426
590 _aBATCH-UPD
_b10
_c20130110
_lUCH01
_h0031
590 _aBATCH-UPD
_b10
_c20130110
_lUCH01
_h0444
590 _aBATCH-UPD
_b10
_c20130409
_lUCH01
_h2014
590 _aBATCH-UPD
_b10
_c20130914
_lUCH01
_h0455
590 _aCONVERSION
_b10
_c20130109
_lUCH01
_h1342
650 1 4 _aAvicultura
_xAspectos económicos
_xMéxico.
_98709
650 1 4 _aCarne de pollo
_xMercadeo.
_919166
650 1 4 _aTratado Trilateral de Libre Comercio.
901 _aBK
905 _aMa. del Socorro Iturbe C.
942 _cFOLL
949 _bBC
_cTES
_d33724000706479
_eTS2
_fc.2
_h33205
_i87220
_si
949 _bBC
_cTES
_d872201
_eTS1
_h33204
_i87220
_sb
999 _c76639
_d76639